LEADER 01155nas 2200373-- 450 001 996336539203316 005 20231214213021.0 035 $a(CKB)110978976475349 035 $a(CONSER)cn-76310440- 035 $a(EXLCZ)99110978976475349 100 $a20760324a19709999 --- a 101 0 $aeng 200 04$aThe Medium 210 $aSaskatoon$cSaskatchewan School Library Association 215 $a1 online resource 311 08$aPrint version: The Medium. 0025-8377 (DLC)cn 76310440 (OCoLC)1080363176 517 0 $aSAEMS medium 531 $aMEDIUM 531 0 $aMedium 606 $aSchool libraries$zSaskatchewan$vPeriodicals 606 $aSchool libraries$2fast$3(OCoLC)fst01107511 607 $aSaskatchewan$2fast 608 $aPeriodicals.$2fast 615 0$aSchool libraries 615 7$aSchool libraries. 676 $a027.8/05 686 $acci1icc$2lacc 712 02$aSaskatchewan Association of Educational Media Specialists. 712 02$aSaskatchewan School Library Association. 906 $aJOURNAL 912 $a996336539203316 920 $aexl_impl conversion 996 $aThe Medium$92357105 997 $aUNISA